000 00698 a2200241 4500
005 20260427112906.0
008 251212b |||||||| |||| 00| 0 eng d
020 _a9788196864460 (hbk)
037 _cTB
040 _aCRL
_cCRL
041 _2eng
_aeng
084 _aY592.2 R4
_qCRL
100 _aHegde P.D.
_9846989
245 _aCaste system in India
260 _bVrinda Prakashan
_c2024
_aDelhi
300 _a440p.
365 _b1495.00
_cINR
650 _2SOCIOLOGY
650 _2CASTE
700 _aHegde P.D.
_eAuthor
_9856376
942 _cTB
_2CC
_n0
_hY592.2 R4
999 _c1464310
_d1464310